| 000 | 00812nam a2200229 4500 | ||
|---|---|---|---|
| 001 | 112205 | ||
| 003 | ES-MaACL | ||
| 005 | 20230906185455.0 | ||
| 007 | t| | ||
| 008 | 061121s1986 sp r ||||1| spa d | ||
| 100 | 1 |
_aNicolson, Iain. _985606 |
|
| 245 | 1 | 3 |
_aEl Sol / _cIain Nicolson; prefacio por el profesor Archie E. Roy; [traducción, Robert Estalella]. |
| 250 | _a1ª ed. | ||
| 260 |
_aMadrid : _bBlume, _c1986. |
||
| 300 |
_a96 p. : _bil. ; _c29 cm. |
||
| 490 | 1 | _aBiblioteca de atlas astronómicos para observadores profesionales y aficionados | |
| 700 | 1 |
_aRoy, Archie E. _9100195 |
|
| 700 | 1 |
_aEstalella, Robert. _948005 |
|
| 830 | 0 |
_aBiblioteca de atlas astronómicos para observadores profesionales y aficionados _9185700 |
|
| 852 |
_aES-MaACL _jL-11369 _bR.112854 |
||
| 999 |
_c112205 _d112205 |
||